| 000 | 00362nam a2200145Ia 4500 | ||
|---|---|---|---|
| 008 | 230711s9999||||xx |||||||||||||| ||und|| | ||
| 041 | _aENG | ||
| 082 |
_a621 _bBE-G |
||
| 100 | _aBell,F.G | ||
| 245 | 0 | _aGround engineer's reference book | |
| 250 | _a4th . Ed. | ||
| 260 |
_c1987 _aNew Delhi _bButterworth-Heinemann Ltd |
||
| 650 | _aCivil Engineering | ||
| 942 | _cBK | ||
| 999 |
_c979 _d979 |
||